000 00326nam a2200109Ia 4500
008 220615s9999||||xx |||||||||||||| ||und||
245 0 _aConversational Repair and Human Understanding
546 _aEnglish[eng]
650 _alinguistics||anthropology
700 _aRaymond, Geoffrey||Hayashi, Makoto||Sidnell, Jack
942 _cEB
999 _c18206
_d18206